| Tag |
First Indicator |
Second Indicator |
Subfields |
| LEADER |
00000cam a2200000 a 4500 |
| 001 |
in00003427708 |
| 005 |
20151206091840.0 |
| 008 |
110505s2011 ie 000 1 eng |
| 010 |
|
|
|a 2010551813
|
| 016 |
7 |
|
|a 015777298
|2 Uk
|
| 020 |
|
|
|a 9781905483419 (pbk.)
|
| 020 |
|
|
|a 1905483414 (pbk.)
|
| 035 |
|
|
|a (OCoLC)ocn711947203
|
| 035 |
|
|
|a (OCoLC)711947203
|
| 040 |
|
|
|a DLC
|b eng
|c DLC
|d YDXCP
|d HLS
|d UKMGB
|d BWX
|d BDX
|d COO
|d OCLCF
|d UtOrBLW
|
| 042 |
|
|
|a pcc
|
| 049 |
|
|
|a TXAM
|
| 050 |
0 |
0 |
|a PR6119.O94
|b B69 2011
|
| 082 |
0 |
0 |
|a 823/.92
|2 22
|
| 100 |
1 |
|
|a Soye, Paul.
|
| 245 |
1 |
4 |
|a The boy in the gap /
|c Paul Soye.
|
| 264 |
|
1 |
|a Dublin, Ireland :
|b Liberties Press ;
|c 2011.
|
| 264 |
|
2 |
|a Chester Springs, Pa. :
|b Distributed in the US by DuFour Editions,
|
| 300 |
|
|
|a 275 pages ;
|c 22 cm.
|
| 336 |
|
|
|a text
|b txt
|2 rdacontent
|
| 337 |
|
|
|a unmediated
|b n
|2 rdamedia
|
| 338 |
|
|
|a volume
|b nc
|2 rdacarrier
|
| 650 |
|
0 |
|a Families
|z Ireland
|v Fiction.
|
| 655 |
|
7 |
|a Fiction.
|2 fast
|0 (OCoLC)fst01423787
|
| 650 |
|
7 |
|a Families.
|2 fast
|0 (OCoLC)fst01728849
|
| 651 |
|
7 |
|a Ireland.
|2 fast
|0 (OCoLC)fst01205427
|
| 938 |
|
|
|a YBP Library Services
|b YANK
|n 3750853
|
| 938 |
|
|
|a Blackwell Book Service
|b BBUS
|n 3750853
|
| 938 |
|
|
|a Brodart
|b BROD
|n 13281380
|c $23.95
|
| 947 |
|
|
|a A14839893908
|
| 945 |
|
|
|a PromptCat
|b 634576
|
| 946 |
|
|
|a stk
|
| 994 |
|
|
|a 92
|b TXA
|
| 948 |
|
|
|a Cataloged
|b h
|c 2014/2/13
|d c
|e Dhernandez
|
| 999 |
|
|
|a MARS
|
| 999 |
f |
f |
|s d0adbfb4-7a59-37f1-a83f-efc9394e8f31
|i 008da514-a4f1-3ab4-b10d-109d26bc6f58
|t 0
|
| 952 |
f |
f |
|p normal
|a Texas A&M University
|b College Station
|c Sterling C. Evans Library
|d Evans: Library Stacks
|t 0
|e PR6119.O94 B69 2011
|h Library of Congress classification
|i unmediated -- volume
|m A14839893908
|
| 998 |
f |
f |
|a PR6119.O94 B69 2011
|t 0
|l Evans: Library Stacks
|